[Event "BRA-ch U16"]
[Site "Itajai"]
[Date "2017.06.03"]
[Round "5"]
[White "Oliveira, Carlos Henrique Lop"]
[Black "Schena, Arthur"]
[Result "0-1"]
[WhiteElo "1780"]
[BlackElo "1803"]
[PlyCount "66"]
[EventDate "2017.06.01"]
[EventType "swiss"]
[EventRounds "6"]
[EventCountry "BRA"]
[SourceTitle "CBM 179 Extra"]
[Source "ChessBase"]
[SourceDate "2017.08.23"]
[SourceVersion "1"]
[SourceVersionDate "2017.08.23"]
[SourceQuality "1"]

1. e4 c5 2. Nf3 e6 3. Nc3 Nc6 4. d4 cxd4 5. Nxd4 Nf6 6. a3 Be7 7. Bf4 0-0 8. e5 Ne8 9. Nxc6 bxc6 10. Qg4 f5 11. Qd1 Nc7 12. Bc4 Nd5 13. Nxd5 cxd5 14. Bxd5 Qa5+ 15. b4 Qxd5 16. Qxd5 exd5 17. 0-0 Bb7 18. Rfd1 Rfc8 19. Rac1 Rc3 20. Rd3 Rac8 21. h3 Rxc2 22. Rxc2 Rxc2 23. Be3 a6 24. Bd4 Kf7 25. f4 Bc6 26. Rc3 Rxc3 27. Bxc3 d6 28. Kf2 dxe5 29. fxe5 Ke6 30. Ke3 Bg5+ 31. Kd4 Bc1 32. Ba1 Bxa3 33. Kc5 a5 0-1

[Event "Santa Cruz Potiguar-ch"]
[Site "Santa Cruz"]
[Date "2016.12.17"]
[Round "2"]
[White "Oliveira, Carlos Henrique Lop"]
[Black "Viana, Helio Fernandes"]
[Result "0-1"]
[WhiteElo "1800"]
[BlackElo "1901"]
[PlyCount "62"]
[EventDate "2016.12.17"]
[EventType "swiss"]
[EventRounds "5"]
[EventCountry "BRA"]
[SourceTitle "CBM 176 Extra"]
[Source "ChessBase"]
[SourceDate "2017.03.02"]
[SourceVersion "1"]
[SourceVersionDate "2017.03.02"]
[SourceQuality "1"]

1. e4 c5 2. Nf3 d6 3. Nc3 Nf6 4. d4 cxd4 5. Nxd4 a6 6. Bc4 e6 7. 0-0 Be7 8. Re1 0-0 9. Be3 b5 10. Bd3 Qc7 11. Qf3 Bb7 12. Qg3 Kh8 13. Bg5 Nbd7 14. Bxf6 Bxf6 15. Ndxb5 axb5 16. Nxb5 Qc5 17. Qxd6 Qxd6 18. Nxd6 Ba6 19. Bxa6 Rxa6 20. Nc4 Rc8 21. e5 Rxc4 22. exf6 Rxc2 23. fxg7+ Kxg7 24. Red1 Nc5 25. Rac1 Rxc1 26. Rxc1 Rxa2 27. b4 Nd3 28. Rb1 Nxb4 29. f3 Nd5 30. Rb3 Kf6 31. Rb4 Nxb4 0-1